Vivàrium : criteris per a la planificació, programació, disseny i construcció de vivers, centres i hotels d'empresa / criteris per a la planificació, programació, disseny i construcció de vivers, centres i hotels d'empresa /
MARC
| LEADER | 00000cam a2200000 a 4500 | ||
|---|---|---|---|
| 001 | 26172 | ||
| 005 | 20260324181128.0 | ||
| 008 | 150407s2014 spcaeo o000 0 cat c | ||
| 017 | |a DL B 10110-2014 |b Biblioteca de Catalunya | ||
| 080 | |a Bib-781 | ||
| 245 | 0 | 0 | |a Vivàrium : |b criteris per a la planificació, programació, disseny i construcció de vivers, centres i hotels d'empresa / |c [treball realitzat pel Servei de Teixit Productiu de l'Àrea de Desenvolupament Econòmic Local de la Diputació de Barcelona ; coordinació: Albert Torras Conangla] |
| 260 | |a [Barcelona] : |b Diputació de Barcelona, |c 2014 | ||
| 300 | |a 365 p. : |b il·lustracions (algunes en color), plànols ; |c 24 cm | ||
| 504 | |a Bibliografia p. 360-364 | ||
| 650 | 0 | |a Centres de negocis |z Catalunya |2 lemac |9 53800 | |
| 650 | 0 | |a Centres de negocis |x Planificació |2 lemac |9 53801 | |
| 650 | 0 | |a Centres de negocis |x Disseny i construcció |2 lemac |9 53802 | |
| 650 | 0 | |a Política turística |9 51206 | |
| 650 | 0 | |a Turisme |x Planificació |9 9214 | |
| 700 | 1 | |a Torras Conangla, Albert |9 51703 |e coordinador | |
| 710 | |a Barcelona (Catalunya : Província). |b Servei de Teixit Productiu |9 53474 | ||
| 710 | 1 | |a Catalunya. |b Departament de Governació i Relacions Institucionals |9 53803 | |
| 908 | |a COAC |a UPC |a UIC |a BC | ||
| 940 | |a BC | ||
| 942 | |2 udc |c ARXIU |n 1 | ||
| 952 | |0 0 |1 0 |4 0 |6 BIB781 |7 1 |9 62683 |a Arxiu |b Arxiu |d 2022-07-05 |l 0 |o Bib-781 |p 26172 |r 2022-07-05 00:00:00 |w 2022-07-05 |y ARXIU | ||
| 999 | |c 82215 |d 82215 | ||